Мужчина в окне напротив: роман

Dettagli Bibliografici
Autore principale: Рой О. Олег
Riassunto:Ирина Боброва, одинокая девушка глубоко за тридцать, была романтиком особого рода: все, о чем думала, мечтала, она расцвечивала своей фантазией так ярко, что примириться с обыденностью ей становилось трудно. Коллеги с замиранием сердца слушали ее рассказы о щедрых красавцах-поклонниках, завидовали счастливой женской судьбе Ирины. Одни верили, другие посмеивались над чудачкой. Но в какой-то момент ее любовные истории, приобрели более реалистический характер, и скептики призадумались: а уж не случился ли и вправду у барышни роман! Случился. Только второй участник этой love story об этом даже не догадывался, потому что никогда не замечал девушку в окне напротив. Но однажды...
Lingua:russo
Pubblicazione: Москва, Эксмо, 2009
Serie:Капризы судьбы
Soggetti:
Natura: MixedMaterials Libro
KOHA link:https://koha.lib.tpu.ru/cgi-bin/koha/opac-detail.pl?biblionumber=176612

MARC

LEADER 00000nam0a2200000 4500
001 176612
005 20231031165344.0
010 |a 9785699379200 
035 |a (RuTPU)RU\TPU\book\191496 
090 |a 176612 
100 |a 20100302d2009 m y0rusy50 ca 
101 0 |a rus 
102 |a RU 
105 |a y z 000ay 
200 1 |a Мужчина в окне напротив  |e роман  |f О. Рой 
210 |a Москва  |c Эксмо  |d 2009 
215 |a 352 с. 
225 1 |a Капризы судьбы 
330 |a Ирина Боброва, одинокая девушка глубоко за тридцать, была романтиком особого рода: все, о чем думала, мечтала, она расцвечивала своей фантазией так ярко, что примириться с обыденностью ей становилось трудно. Коллеги с замиранием сердца слушали ее рассказы о щедрых красавцах-поклонниках, завидовали счастливой женской судьбе Ирины. Одни верили, другие посмеивались над чудачкой. Но в какой-то момент ее любовные истории, приобрели более реалистический характер, и скептики призадумались: а уж не случился ли и вправду у барышни роман! Случился. Только второй участник этой love story об этом даже не догадывался, потому что никогда не замечал девушку в окне напротив. Но однажды... 
610 1 |a русская литература 
610 1 |a романы 
610 1 |a любовь 
675 |a Р2  |v 3 
700 1 |a Рой  |b О.  |g Олег 
801 1 |a RU  |b 63413507  |c 20100302 
801 2 |a RU  |b 63413507  |c 20100310  |g RCR 
942 |c BK